新ハンザ同盟の構成国 - Statistics

General Stats
  • This quiz has been taken 44 times
  • The average score is 7 of 8
Answer Stats
Answer % Correct
オランダ
97%
デンマーク
94%
フィンランド
91%
スウェーデン
91%
ラトビア
91%
リトアニア
91%
エストニア
89%
アイルランド
86%
No matching quizzes found
Score Distribution
Percent of People with Each Score
Percentile by Number Answered
Your Score History
You have not taken this quiz